[Event "Lugano New op-B 8th"]
[Site "Lugano"]
[Date "2015.04.04"]
[Round "3"]
[White "Belli, Francesco"]
[Black "Zerboni, Giuseppe"]
[Result "1-0"]
[WhiteElo "1644"]
[BlackElo "1541"]
[PlyCount "41"]
[EventDate "2015.04.03"]
[EventType "swiss"]
[EventRounds "6"]
[EventCountry "SUI"]
[SourceTitle "CBM 165 Extra"]
[Source "ChessBase"]
[SourceDate "2015.04.21"]
[SourceVersion "1"]
[SourceVersionDate "2015.04.21"]
[SourceQuality "1"]

1. e4 c5 2. Nf3 Nc6 3. d4 cxd4 4. Nxd4 e5 5. Nxc6 bxc6 6. Be3 Nf6 7. Bd3 Be7 8. 0-0 0-0 9. c4 d5 10. cxd5 cxd5 11. exd5 Nxd5 12. Qe2 Nxe3 13. Qxe3 h5 14. Qe4 f5 15. Bc4+ Kh8 16. Qxa8 Qd4 17. Na3 Bxa3 18. bxa3 Qxc4 19. Rac1 Qe6 20. Rc6 Qd7 21. Rfc1 1-0

[Event "Como Province-ch"]
[Site "Erba"]
[Date "2015.01.18"]
[Round "3"]
[White "Bettinelli, Sergio"]
[Black "Zerboni, Giuseppe"]
[Result "0-1"]
[WhiteElo "1404"]
[BlackElo "1525"]
[PlyCount "64"]
[EventDate "2015.01.17"]
[EventType "swiss"]
[EventRounds "6"]
[EventCountry "ITA"]
[SourceTitle "EXT 2017"]
[Source "ChessBase"]
[SourceDate "2016.10.25"]
[SourceVersion "1"]
[SourceVersionDate "2016.10.25"]
[SourceQuality "1"]

1. e3 d5 2. Nf3 Nf6 3. Be2 c5 4. c4 d4 5. d3 Nc6 6. a3 a5 7. Bd2 e5 8. e4 h6 9. 0-0 Bd6 10. Bc1 Rb8 11. Nbd2 b5 12. cxb5 Rxb5 13. Nc4 0-0 14. Qa4 Ba6 15. Bd2 Qc7 16. Nxd6 Qxd6 17. Rab1 Rfb8 18. b4 cxb4 19. axb4 Nxb4 20. Rfc1 Nd7 21. Rc4 Nc5 22. Qd1 Nbxd3 23. Ra1 Nb2 24. Qf1 d3 25. Rc3 dxe2 26. Qc1 Nbd3 27. Qa3 Rb1+ 28. Bc1 Nb2 29. h3 Qd1+ 30. Kh2 Rxa1 31. Qxa1 Nxe4 32. Qa2 Nxc3 0-1

[Event "Como Province-ch"]
[Site "Erba"]
[Date "2015.01.17"]
[Round "1"]
[White "Bernasconi, Roberto"]
[Black "Zerboni, Giuseppe"]
[Result "1-0"]
[WhiteElo "1870"]
[BlackElo "1525"]
[PlyCount "119"]
[EventDate "2015.01.17"]
[EventType "swiss"]
[EventRounds "6"]
[EventCountry "ITA"]
[SourceTitle "EXT 2017"]
[Source "ChessBase"]
[SourceDate "2016.10.25"]
[SourceVersion "1"]
[SourceVersionDate "2016.10.25"]
[SourceQuality "1"]

1. e4 e5 2. Nf3 Nc6 3. Nc3 Nf6 4. Bb5 a6 5. Bxc6 dxc6 6. h3 Bd6 7. 0-0 Be6 8. d3 h6 9. Be3 Qe7 10. Ne2 Nd7 11. Ng3 0-0-0 12. c4 Rhf8 13. Qe2 f5 14. exf5 Bxf5 15. Nxf5 Rxf5 16. Nd2 Bc5 17. Ne4 Bd4 18. Rab1 Nc5 19. Qg4 Rdf8 20. Ng3 Qd7 21. Nxf5 Rxf5 22. Bxd4 exd4 23. Rfe1 Rf8 24. Qxd7+ Kxd7 25. Rbd1 Kd6 26. Kf1 Na4 27. Rd2 c5 28. Rde2 Rf7 29. a3 a5 30. g3 Kd7 31. Kg2 c6 32. b3 Nc3 33. Re5 b6 34. f4 Kd6 35. Kf3 Rf6 36. Re8 Rf7 37. R8e6+ Kd7 38. g4 Nd1 39. f5 Ne3 40. Re2 Rf6 41. Rxf6 gxf6 42. Rxe3 dxe3 43. Kxe3 Kd6 44. Ke4 Kd7 45. a4 Ke7 46. Kf4 Kf7 47. h4 Ke7 48. g5 h5 49. gxf6+ Kxf6 50. Ke4 Ke7 51. Ke5 Kf7 52. f6 Kg8 53. Kf5 Kf7 54. Kg5 Kg8 55. Kxh5 Kh7 56. Kg5 Kg8 57. Kf5 Kf7 58. h5 Kg8 59. Ke6 Kf8 60. h6 1-0

[Event "Como Province-ch"]
[Site "Villa Guardia"]
[Date "2013.01.27"]
[Round "6"]
[White "Zerboni, Giuseppe"]
[Black "Mason, Giovanni"]
[Result "0-1"]
[WhiteElo "1541"]
[BlackElo "1656"]
[PlyCount "72"]
[EventDate "2013.01.19"]
[EventType "swiss"]
[EventRounds "6"]
[EventCountry "ITA"]
[SourceTitle "EXT 2014"]
[Source "ChessBase"]
[SourceDate "2013.11.20"]
[SourceVersion "1"]
[SourceVersionDate "2013.11.20"]
[SourceQuality "1"]

1. Nf3 Nf6 2. g3 d6 3. Bg2 c6 4. d3 h6 5. e4 e5 6. Nbd2 Be7 7. 0-0 c5 8. Re1 0-0 9. Nf1 Nc6 10. c3 Bg4 11. h3 Be6 12. Be3 Qd7 13. Kh2 Kh7 14. Qc2 g5 15. Rad1 Rac8 16. d4 cxd4 17. Nxd4 Kg7 18. Nf5+ Bxf5 19. exf5 b6 20. f4 Rfe8 21. fxg5 hxg5 22. Kg1 Nh7 23. g4 Bf6 24. Ng3 Be7 25. Nh5+ Kh8 26. f6 Nxf6 27. Bxg5 Nxh5 28. Bxe7 Qxe7 29. gxh5 Rg8 30. Qd2 Qg5 31. Qe2 Rcd8 32. Kh1 Ne7 33. Rg1 Nf5 34. Qe1 Ng3+ 35. Kh2 Qf4 36. Rh1 Ne2+ 0-1

[Event "Como Primavera op 7th"]
[Site "Como"]
[Date "2012.04.26"]
[Round "2"]
[White "Zerboni, Giuseppe"]
[Black "Crippa, Matteo"]
[Result "0-1"]
[WhiteElo "1455"]
[BlackElo "1517"]
[PlyCount "78"]
[EventDate "2012.04.19"]
[EventType "swiss"]
[EventRounds "7"]
[EventCountry "ITA"]
[SourceTitle "EXT 2024"]
[Source "ChessBase"]
[SourceDate "2023.10.10"]
[SourceVersion "1"]
[SourceVersionDate "2023.10.10"]
[SourceQuality "1"]

1. Nf3 d5 2. g3 Nf6 3. Bg2 c6 4. e3 Bg4 5. 0-0 e5 6. Qe1 e4 7. Ne5 Bh5 8. d4 Nbd7 9. Qc3 Bd6 10. Nxd7 Qxd7 11. Nd2 0-0 12. b4 Bg4 13. a4 Rac8 14. Nb3 b6 15. a5 Qb7 16. Ba3 Nd7 17. Bb2 f6 18. a6 Qb8 19. Nd2 c5 20. bxc5 bxc5 21. dxc5 Be5 22. Qb3 Qxb3 23. cxb3 Bxb2 24. Ra2 Bc3 25. h3 Be2 26. Re1 Bd3 27. Rd1 Nxc5 28. Bf1 Rfd8 29. Bxd3 Nxd3 30. Rc2 Bb4 31. Rxc8 Rxc8 32. Nf1 Rc1 33. Rxc1 Nxc1 34. Kg2 Nxb3 35. f3 Nc5 36. g4 Nxa6 37. fxe4 dxe4 38. Ng3 Nc5 39. Kf1 a5 0-1